ბათუმის შოთა რუსთაველის სახელმწიფო უნივერსიტეტის ბიბლიოთეკა

Курс теоретический механики. (ბიბ.ჩანაწერი № 37304)

000 -LEADER
fixed length control field 00666nam a2200241Ia 4500
001 - CONTROL NUMBER
control field 3263
003 - CONTROL NUMBER IDENTIFIER
control field GE_BSU
008 - FIXED-LENGTH DATA ELEMENTS--GENERAL INFORMATION
fixed length control field 181216s||||||||xx |||||||||||||| ||und||
020 ## - INTERNATIONAL STANDARD BOOK NUMBER
International Standard Book Number 5060006956
040 ## - CATALOGING SOURCE
Transcribing agency GE_BSU
080 ## - UNIVERSAL DECIMAL CLASSIFICATION NUMBER
Universal Decimal Classification number 531.8(075.8)
100 ## - MAIN ENTRY--PERSONAL NAME
Personal name Никитин,H.H.
245 ## - TITLE STATEMENT
Title Курс теоретический механики.
245 ## - TITLE STATEMENT
Remainder of title Учеб.
245 ## - TITLE STATEMENT
Statement of responsibility, etc. Ред. Н.М. Щепина.
250 ## - EDITION STATEMENT
Edition statement 5-е изд.,перераб. и доп.
260 ## - PUBLICATION, DISTRIBUTION, ETC.
Place of publication, distribution, etc. М.
260 ## - PUBLICATION, DISTRIBUTION, ETC.
Name of publisher, distributor, etc. Высш. шк.
260 ## - PUBLICATION, DISTRIBUTION, ETC.
Date of publication, distribution, etc. 1990.
300 ## - PHYSICAL DESCRIPTION
Extent 607 стр. 22 см. силл.
653 ## - INDEX TERM--UNCONTROLLED
Uncontrolled term Курс теоретический механики.
942 ## - ADDED ENTRY ELEMENTS (KOHA)
Koha item type წიგნი
ეგზემპლარები
Withdrawn status Lost status Damaged status Not for loan Date acquired Barcode Date last seen Price effective from Koha item type Public note
        2018-12-17 9875 2018-12-17 2018-12-17 წიგნი დარბაზი